Hard flags - Statistics

General Stats
  • This quiz has been taken 168 times
  • The average score is 48 of 66
Answer Stats
Picture Answer % Correct
Finland
89%
Ireland
86%
Qatar
86%
Romania
86%
Ivory Coast
85%
Netherlands
85%
Armenia
84%
Denmark
84%
Serbia
84%
Slovakia
84%
Slovenia
84%
Iran
83%
Malta
83%
Peru
83%
Poland
83%
Chad
81%
Indonesia
81%
Bulgaria
80%
Iraq
80%
Lithuania
80%
Monaco
80%
Hungary
79%
Honduras
78%
Azerbaijan
77%
Bahrain
77%
Dominican Republic
77%
Ghana
77%
Liechtenstein
77%
Niger
77%
D.R. Congo
76%
Yemen
76%
Senegal
74%
Tanzania
74%
Burkina Faso
73%
Tonga
73%
Libya
72%
Cameroon
71%
El Salvador
71%
Guatemala
71%
Myanmar
71%
Zimbabwe
71%
Gabon
70%
Mozambique
70%
Mali
69%
Central African Republic
68%
Dominica
68%
South Sudan
68%
Zambia
68%
Marshall Islands
67%
Sierra Leone
67%
Sudan
67%
Mauritania
66%
Comoros
65%
Samoa
65%
Suriname
65%
Antigua and Barbuda
64%
Gambia
62%
Namibia
62%
Equatorial Guinea
61%
Guinea
60%
Sao Tome & Principe
60%
Bolivia
59%
St. Kitts & Nevis
59%
Rep. of the Congo
58%
Guinea-Bissau
56%
Solomon Islands
53%
No matching quizzes found
Score Distribution
Percent of People with Each Score
Percentile by Number Answered
Your Score History
You have not taken this quiz